Pitman pocket shorthand dictionary/ (Record no. 11165)

000 -LEADER
fixed length control field 00496nam a22001457a 4500
008 - FIXED-LENGTH DATA ELEMENTS--GENERAL INFORMATION
fixed length control field 160526b xxu||||| |||| 00| 0 eng d
020 ## - INTERNATIONAL STANDARD BOOK NUMBER
International Standard Book Number 8185614164
050 ## - LIBRARY OF CONGRESS CALL NUMBER
Classification number REF Z55.5 .I83 2004
100 ## - MAIN ENTRY--PERSONAL NAME
Personal name Isaac Pitman & Sons
245 ## - TITLE STATEMENT
Title Pitman pocket shorthand dictionary/
Statement of responsibility, etc. Isaac Pitman & Sons
250 ## - EDITION STATEMENT
Edition statement New Era ed.
260 ## - PUBLICATION, DISTRIBUTION, ETC. (IMPRINT)
Place of publication, distribution, etc. Shastri Marg:
Name of publisher, distributor, etc. Leema Publication & Distribution,
Date of publication, distribution, etc. 2004
300 ## - PHYSICAL DESCRIPTION
Extent iii, 221p.:
Dimensions 8cm
942 ## - ADDED ENTRY ELEMENTS (KOHA)
Source of classification or shelving scheme
Koha item type Reference Material
Classification part REF Z55.5 .I83 2004
Holdings
Withdrawn status Lost status Source of classification or shelving scheme Damaged status Not for loan Home library Current library Shelving location Date acquired Source of acquisition Cost, normal purchase price Total Checkouts Full call number Barcode Date last seen Price effective from Koha item type
          MACHAKOS UNIVERSITY LIBRARY MACHAKOS UNIVERSITY LIBRARY Reference 26/05/2016 Purchase 240.00   REF Z55.5 .I83 2004 462 04/06/2019 26/05/2016 Reference Material
          MACHAKOS UNIVERSITY LIBRARY MACHAKOS UNIVERSITY LIBRARY Reference 26/05/2016 Purchase 240.00   REF Z55.5 .I83 2004 463 04/06/2019 26/05/2016 Reference Material
          MACHAKOS UNIVERSITY LIBRARY MACHAKOS UNIVERSITY LIBRARY Reference 26/05/2016 Purchase 240.00   REF Z55.5 .I83 2004 460 04/06/2019 26/05/2016 Reference Material
          MACHAKOS UNIVERSITY LIBRARY MACHAKOS UNIVERSITY LIBRARY Reference 26/05/2016 Purchase 240.00   REF Z55.5 .I83 2004 469 04/06/2019 26/05/2016 Reference Material
          MACHAKOS UNIVERSITY LIBRARY MACHAKOS UNIVERSITY LIBRARY Reference 26/05/2016 Purchase 240.00   REF Z55.5 .I83 2004 467 04/06/2019 26/05/2016 Reference Material
          MACHAKOS UNIVERSITY LIBRARY MACHAKOS UNIVERSITY LIBRARY Reference 26/05/2016 Purchase 240.00   REF Z55.5 .I83 2004 466 26/05/2016 26/05/2016 Reference Material
          MACHAKOS UNIVERSITY LIBRARY MACHAKOS UNIVERSITY LIBRARY Reference 26/05/2016 Purchase 240.00   REF Z55.5 .I83 2004 461 26/05/2016 26/05/2016 Reference Material
          MACHAKOS UNIVERSITY LIBRARY MACHAKOS UNIVERSITY LIBRARY Reference 26/05/2016 Purchase 240.00   REF Z55.5 .I83 2004 340 18/05/2018 26/05/2016 Reference Material
© Machakos University Library, Along The Highway, Machakos Wote Rd, Machakos, Kenya P.O. Box 136 - 90100 Machakos - Kenya

Tel: ( +254 ) 723 805829 OR Fax : 044-20353 OR Email: library@mksu.ac.ke